[Event "Gibraltar Masters 2020"]
[Site "Caleta ENG"]
[Date "2020.01.28"]
[Round "8.90"]
[White "De Abreu, Roberto N"]
[Black "Povah, Nigel E"]
[Result "0-1"]
[WhiteTitle "FM"]
[BlackTitle "IM"]
[WhiteElo "2154"]
[BlackElo "2284"]
[WhiteFideId "14307472"]
[BlackFideId "400467"]
[EventDate "2020.01.21"]

1. d4 Nf6 2. c4 e6 3. g3 c5 4. d5 exd5 5. cxd5 d6 6. Nc3 g6 7. Nf3 Bg7 8. Bg2
O-O 9. O-O Re8 10. Re1 Na6 11. Nd2 Rb8 12. a4 Nb4 13. Nc4 a6 14. a5 Ng4 15. Ne4
Bd4 16. Rf1 Bf5 17. Nexd6 Bc2 18. Qd2 Re7 19. h3 Ne5 20. Nxe5 Bxe5 21. Nc4 Bd4
22. Ra3 Qd7 23. Qh6 Rxe2 24. Bf4 Rd8 25. d6 Qe6 26. Ne3 Bd3 27. Rxd3 Nxd3 28.
Bd5 Qd7 29. Bg5 Qxd6 30. Bc4 Rxf2 31. Bxf7+ Kh8 32. Qh4 Rxf1+ 33. Kxf1 Rf8 34.
Qe4 Rxf7+ 35. Ke2 Ne5 36. Nd5 Kg7 37. Qh4 Qxd5 0-1

[Event "Gibraltar Masters 2020"]
[Site "Caleta ENG"]
[Date "2020.01.28"]
[Round "8.91"]
[White "Gines Esteo, Pedro Antonio"]
[Black "Ajele, Rotimi"]
[Result "1-0"]
[WhiteTitle "IM"]
[WhiteElo "2482"]
[BlackElo "2188"]
[WhiteFideId "32080190"]
[BlackFideId "8502994"]
[EventDate "2020.01.21"]

1. Nf3 Nf6 2. b3 g6 3. Bb2 Bg7 4. g3 c5 5. c4 Nc6 6. Bg2 O-O 7. O-O a6 8. d4 d6
9. dxc5 dxc5 10. Nc3 Rb8 11. Na4 Qc7 12. Nxc5 Rd8 13. Qc1 Bg4 14. Qf4 Qa5 15.
Nd3 Qh5 16. Qe3 Bh6 17. Qc5 g5 18. Nde5 Nxe5 19. Qxe5 Bg7 20. Rab1 Rbc8 21. Qa5
b6 22. Qxb6 Rd6 23. Qb7 Re8 24. c5 Re6 25. Nd4 Re5 26. c6 Bc8 27. Qb8 Bh3 28.
Qxe5 Ng4 29. Qe4 e5 30. Bxh3 Qxh3 31. Qg2 Qxg2+ 32. Kxg2 exd4 33. Rbc1 1-0

[Event "Gibraltar Masters 2020"]
[Site "Caleta ENG"]
[Date "2020.01.28"]
[Round "8.92"]
[White "Seul, Georg"]
[Black "Jansen, Guido"]
[Result "1-0"]
[WhiteTitle "IM"]
[WhiteElo "2401"]
[BlackElo "2162"]
[WhiteFideId "4601653"]
[BlackFideId "1014650"]
[EventDate "2020.01.21"]

1. e4 c6 2. d4 d5 3. e5 Qb6 4. Nc3 Nh6 5. Be2 g6 6. h3 Bg7 7. Nf3 f6 8. O-O Nd7
9. exf6 exf6 10. Na4 Qc7 11. Re1 O-O 12. c4 dxc4 13. Bxc4+ Kh8 14. Bd2 Nf5 15.
Bb3 Nb6 16. Nc5 Nd5 17. Bxd5 cxd5 18. Qb3 Rd8 19. Rac1 Qb6 20. Qa4 Qd6 21. Re8+
Rxe8 22. Qxe8+ Qf8 23. Qa4 Nd6 24. Bf4 Bf5 25. Qb3 Be4 26. Bxd6 Qxd6 27. Nxe4
dxe4 28. Qxb7 Re8 29. Nd2 Qxd4 30. Rc8 Qe5 31. Qc6 Rf8 32. Nxe4 Qxb2 33. Rxf8+
Bxf8 34. Qxf6+ Qxf6 35. Nxf6 Kg7 36. Ne4 Be7 37. f4 Kf7 38. Kf2 Ke6 39. Ke3 Kd5
40. Kd3 Bd8 41. g4 Be7 42. Nc3+ Kc5 43. f5 gxf5 44. gxf5 Bf8 45. Ne4+ Kd5 46.
Nf6+ Kd6 47. Nxh7 Bh6 48. Ke4 Ke7 49. Ke5 Kf7 50. h4 Bc1 51. Ng5+ Kg7 52. Ke6
Bb2 53. Ne4 1-0

[Event "Gibraltar Masters 2020"]
[Site "Caleta ENG"]
[Date "2020.01.28"]
[Round "8.93"]
[White "Podetti, Davide"]
[Black "Belenkaya, Dina"]
[Result "0-1"]
[BlackTitle "WGM"]
[WhiteElo "2187"]
[BlackElo "2304"]
[WhiteFideId "893617"]
[BlackFideId "24142654"]
[EventDate "2020.01.21"]

1. e4 c6 2. d4 d5 3. exd5 cxd5 4. Bd3 Nc6 5. c3 g6 6. Nf3 Bg7 7. Bf4 Nf6 8. Nbd2
O-O 9. h3 Re8 10. O-O Bf5 11. Bxf5 gxf5 12. Ne5 e6 13. Re1 Ne7 14. Bg5 Qc7 15.
Bxf6 Bxf6 16. Qh5 Ng6 17. Nd3 Kh8 18. Nf3 Rg8 19. Nfe5 Rg7 20. Nxg6+ Rxg6 21.
Qf3 Rag8 22. Nf4 Rh6 23. Nd3 Bd8 24. Re2 Rh4 25. Rae1 Rg7 26. Ne5 Qe7 27. Kh2
Bc7 28. g3 Re4 29. c4 Bxe5 30. dxe5 Rxc4 31. Qe3 d4 32. Qb3 Qc7 33. Rd2 Rg8 34.
Red1 Rd8 35. Qa3 Kg7 36. Qxa7 Rc2 37. f4 Rd5 38. Qa3 d3 39. Qb4 Qd7 40. b3 Rdc5
41. Kg1 Qd5 42. Kf2 Rxd2+ 43. Rxd2 Rc1 44. Qd6 Qh1 45. Rxd3 Rf1+ 46. Ke3 Qe4+
47. Kd2 Qe1+ 48. Kc2 Qc1# 0-1

[Event "Gibraltar Masters 2020"]
[Site "Caleta ENG"]
[Date "2020.01.28"]
[Round "8.94"]
[White "Injac, Teodora"]
[Black "Baert, Andy"]
[Result "1-0"]
[WhiteTitle "WIM"]
[BlackTitle "FM"]
[WhiteElo "2284"]
[BlackElo "2138"]
[WhiteFideId "932400"]
[BlackFideId "200107"]
[EventDate "2020.01.21"]

1. Nf3 Nf6 2. c4 e6 3. g3 d5 4. Bg2 dxc4 5. Qa4+ Nbd7 6. Qxc4 c5 7. O-O b6 8.
Nc3 Bb7 9. Rd1 a6 10. a4 Rc8 11. d3 Be7 12. Bf4 O-O 13. e4 Nh5 14. Be3 Nhf6 15.
h3 e5 16. Qb3 Bd6 17. Nd2 Bc7 18. Nc4 h6 19. Bf3 Qe7 20. Ra3 Qe6 21. Kh2 Rfe8
22. Qc2 Nb8 23. Rb3 Nc6 24. Nd5 Nd4 25. Bxd4 Nxd5 26. exd5 Qf6 27. Bg4 exd4 28.
d6 Bxd6 29. Bxc8 Rxc8 30. Rxb6 Ba8 31. Nxd6 Qf3 32. Rg1 Rd8 33. Rxa6 Bd5 34. Qd2
g5 35. Ne4 Bxe4 36. dxe4 1-0

[Event "Gibraltar Masters 2020"]
[Site "Caleta ENG"]
[Date "2020.01.28"]
[Round "8.95"]
[White "Tejaswini, Sagar"]
[Black "Gvanceladze, Anna"]
[Result "1/2-1/2"]
[WhiteTitle "WIM"]
[BlackTitle "WFM"]
[WhiteElo "2180"]
[BlackElo "2270"]
[WhiteFideId "5054290"]
[BlackFideId "4113721"]
[EventDate "2020.01.21"]

1. e4 c6 2. d4 d5 3. Nc3 dxe4 4. Nxe4 Bf5 5. Ng3 Bg6 6. h4 h6 7. h5 Bh7 8. Nf3
e6 9. Bd3 Bxd3 10. Qxd3 Nf6 11. Bd2 Be7 12. O-O-O O-O 13. Ne4 Nxe4 14. Qxe4 Qd5
15. Qxd5 cxd5 16. Bf4 Nc6 17. Ne5 Rac8 18. Nxc6 Rxc6 19. Kb1 Rfc8 20. c3 b5 21.
Rc1 Rc4 22. Rhd1 Bg5 23. Bxg5 hxg5 24. g4 f6 25. f3 Kf7 26. Re1 Re8 27. b3 Rc6
28. Kb2 a5 29. a3 Rh8 30. Rh1 Rh6 31. Rce1 Rc8 32. Re2 Re8 33. Kc2 Rhh8 34. Rhe1
Re7 35. Kd3 Rc8 36. Kd2 Rc6 37. Re3 Rb7 38. Rd3 a4 39. b4 Re7 40. Rde3 Rc8 41.
R1e2 Rce8 42. Re1 e5 43. Kd3 Re6 44. R3e2 R8e7 45. Re3 Ke8 46. R3e2 Kd7 47. Re3
Kd6 48. R3e2 Re8 49. Re3 Rh8 50. R3e2 Rh6 51. Re3 g6 52. hxg6 Rxg6 53. Rh1 Rg8
54. Rh5 Rge8 55. dxe5+ Rxe5 56. Rxe5 Kxe5 57. Ke3 Kd6+ 58. Kd2 Ke5 59. Ke3 Rc8
60. f4+ Ke6 61. fxg5 Rxc3+ 62. Kd2 Rxa3 63. gxf6 Rb3 64. Rf5 Kf7 65. g5 Rxb4 66.
g6+ Kxg6 67. f7 Rd4+ 68. Ke3 Re4+ 69. Kd3 Kxf5 70. f8=Q+ Ke6 71. Qe8+ Kd6 72.
Qxb5 Rc4 73. Qb6+ Kd7 74. Qa6 Ke7 75. Qg6 Kd7 76. Qf6 Re4 77. Qb6 Rc4 78. Qb5+
Kd6 79. Qb6+ Kd7 80. Qf6 Re4 81. Qb6 1/2-1/2

[Event "Gibraltar Masters 2020"]
[Site "Caleta ENG"]
[Date "2020.01.28"]
[Round "8.96"]
[White "Hapala, Elisabeth"]
[Black "Rakshitta, Ravi"]
[Result "0-1"]
[WhiteTitle "WFM"]
[BlackTitle "WIM"]
[WhiteElo "2170"]
[BlackElo "2267"]
[WhiteFideId "1622080"]
[BlackFideId "25073230"]
[EventDate "2020.01.21"]

1. e4 e5 2. Nf3 Nc6 3. Bb5 f5 4. Nc3 fxe4 5. Nxe4 Nf6 6. Nxf6+ Qxf6 7. Qe2 Be7
8. Bxc6 bxc6 9. d4 Qg6 10. O-O d6 11. Qc4 d5 12. Qc3 Bh3 13. Nh4 Qe6 14. Qg3 Bg4
15. dxe5 O-O 16. f4 Be2 17. Rf2 Qg4 18. Qe3 Bxh4 19. Rxe2 g5 20. fxg5 Bf2+ 21.
Qxf2 Rxf2 22. Kxf2 Rf8+ 23. Ke1 Qf5 24. Kd2 Qf4+ 25. Kd3 Qc4+ 26. Kd2 Rf1 27. c3
d4 28. h4 d3 29. Re1 Rxe1 30. Kxe1 Qe4+ 31. Kf1 Qe2+ 32. Kg1 Qe1+ 33. Kh2 Qxh4+
34. Kg1 Qe1+ 35. Kh2 d2 0-1

[Event "Gibraltar Masters 2020"]
[Site "Caleta ENG"]
[Date "2020.01.28"]
[Round "8.97"]
[White "Priyanka, Nutakki"]
[Black "Vega Gutierrez, Belinda"]
[Result "1/2-1/2"]
[WhiteTitle "WIM"]
[BlackTitle "WIM"]
[WhiteElo "2242"]
[BlackElo "2132"]
[WhiteFideId "25049615"]
[BlackFideId "2229994"]
[EventDate "2020.01.21"]

1. Nf3 d5 2. c4 e6 3. e3 Nf6 4. Nc3 Be7 5. b3 O-O 6. Bb2 c5 7. cxd5 Nxd5 8. Be2
Nc6 9. O-O b6 10. d4 cxd4 11. Nxd5 Qxd5 12. Nxd4 Nxd4 13. Bxd4 e5 14. Bc4 Qa5
15. Bb2 Ba3 16. Bxa3 Qxa3 17. Qd5 Be6 18. Qxe5 Bxc4 19. bxc4 Rac8 20. Rfc1 Rc5
21. Qe7 h6 22. Rc2 Qa4 23. Rac1 Rfc8 24. Rd2 Rxc4 25. Rxc4 Qxc4 26. Qd7 b5 27.
h3 a5 28. Rd5 Rb8 29. Qd6 Rc8 30. Qd7 Rb8 31. Qd6 Rc8 32. Qd7 1/2-1/2

[Event "Gibraltar Masters 2020"]
[Site "Caleta ENG"]
[Date "2020.01.28"]
[Round "8.98"]
[White "Veltkamp, Gerben"]
[Black "Fernandez, Maria Florencia"]
[Result "1-0"]
[BlackTitle "WIM"]
[WhiteElo "2140"]
[BlackElo "2227"]
[WhiteFideId "4631307"]
[BlackFideId "116459"]
[EventDate "2020.01.21"]

1. c4 e5 2. Nc3 Bb4 3. Qc2 Nc6 4. a3 Nd4 5. Qd1 Bxc3 6. bxc3 Nc6 7. e4 d6 8. Ne2
Nge7 9. Ng3 O-O 10. Bd3 Be6 11. O-O Qd7 12. Qa4 Ng6 13. Bb1 Nh4 14. f4 exf4 15.
Rxf4 Ng6 16. Rf1 Nce5 17. Qd1 Bxc4 18. d3 Ba6 19. Rf5 Qc6 20. Qd2 Nh4 21. Rf4
Neg6 22. Rf2 Ne5 23. Nh5 Nhg6 24. Rf5 Rae8 25. Nxg7 Re7 26. Nh5 Nd7 27. Ba2 Kh8
28. Rb1 b5 29. Qh6 f6 30. Bb2 Nh4 31. Rf4 Ng6 32. Rf3 Qb6+ 33. Kh1 Nh4 34. Rxf6
Rxf6 35. Nxf6 Qf2 36. Rg1 Rg7 37. Nxd7 Nf3 38. Qxg7+ Kxg7 39. gxf3+ Kh6 40. Bc1+
Kh5 41. Bf7+ 1-0

[Event "Gibraltar Masters 2020"]
[Site "Caleta ENG"]
[Date "2020.01.28"]
[Round "8.99"]
[White "Kandic, Milan"]
[Black "Paramzina, Anastasya"]
[Result "1/2-1/2"]
[WhiteTitle "FM"]
[BlackTitle "WGM"]
[WhiteElo "2132"]
[BlackElo "2224"]
[WhiteFideId "926752"]
[BlackFideId "4165012"]
[EventDate "2020.01.21"]

1. e4 c5 2. Nf3 d6 3. d4 cxd4 4. Nxd4 Nf6 5. Nc3 a6 6. Bc4 e6 7. Bb3 Nbd7 8. Be3
Nc5 9. f3 Be7 10. Qd2 Bd7 11. g4 b5 12. g5 Nh5 13. Nce2 a5 14. c3 Nxb3 15. axb3
h6 16. gxh6 Bh4+ 17. Kd1 g6 18. Qd3 Rb8 19. Ng3 Nf6 20. Nde2 Bc6 21. Nd4 Bd7 22.
Nde2 Bc6 23. Nd4 Bd7 1/2-1/2

[Event "Gibraltar Masters 2020"]
[Site "Caleta ENG"]
[Date "2020.01.28"]
[Round "8.100"]
[White "Wall, Tim P"]
[Black "Arroyo Rodriguez, Jesus"]
[Result "1-0"]
[WhiteTitle "FM"]
[WhiteElo "2218"]
[BlackElo "2125"]
[WhiteFideId "401641"]
[BlackFideId "2277760"]
[EventDate "2020.01.21"]

1. d4 Nf6 2. Nc3 d5 3. Bf4 c5 4. e3 Bf5 5. Nb5 Na6 6. c3 Qb6 7. a4 g6 8. h3 Bg7
9. Nf3 O-O 10. Be2 Rfc8 11. O-O Nb8 12. Bc7 Qe6 13. Bxb8 Raxb8 14. Nxa7 Rd8 15.
dxc5 Ne4 16. Nd4 Qe5 17. c6 Bxh3 18. f4 Qf6 19. c7 e5 20. cxb8=Q Rxb8 21. Nf3
exf4 22. gxh3 fxe3 23. Qe1 Qe6 24. Kg2 Bf8 25. Nb5 f5 26. Rd1 Rc8 27. Qh4 Kh8
28. Qf4 Bg7 29. Qxe3 h6 30. Bd3 g5 31. Nfd4 1-0

[Event "Gibraltar Masters 2020"]
[Site "Caleta ENG"]
[Date "2020.01.28"]
[Round "8.101"]
[White "Advait, Bagri"]
[Black "De Lange, Job"]
[Result "1-0"]
[WhiteTitle "CM"]
[WhiteElo "2105"]
[BlackElo "2211"]
[WhiteFideId "5820391"]
[BlackFideId "1001191"]
[EventDate "2020.01.21"]

1. e4 g6 2. d4 Bg7 3. Nc3 c6 4. Be3 d5 5. Nf3 dxe4 6. Nxe4 Nd7 7. Bc4 Ngf6 8.
Ng3 O-O 9. Qe2 Nb6 10. Bb3 a5 11. a3 Bg4 12. h3 Bxf3 13. Qxf3 a4 14. Ba2 Nbd5
15. O-O-O Nxe3 16. fxe3 Qc7 17. Ne4 Nxe4 18. Qxe4 e5 19. h4 exd4 20. exd4 Rae8
21. Qd3 Bh6+ 22. Kb1 Re3 23. Qc4 b5 24. Qc5 Bg7 25. Rdf1 Re4 26. h5 Qd7 27. d5
Re5 28. hxg6 hxg6 29. Qxc6 Rd8 30. Qb6 Qd6 31. Qxd6 Rxd6 32. Rf4 Re7 33. Rb4 Re2
34. Rxb5 Rxg2 35. c4 1-0

[Event "Gibraltar Masters 2020"]
[Site "Caleta ENG"]
[Date "2020.01.28"]
[Round "8.102"]
[White "Byron, Alan M"]
[Black "Dolzhikova, Olga"]
[Result "0-1"]
[BlackTitle "WGM"]
[WhiteElo "2208"]
[BlackElo "2123"]
[WhiteFideId "401773"]
[BlackFideId "14105870"]
[EventDate "2020.01.21"]

1. Nf3 e6 2. g3 b6 3. Bg2 Bb7 4. c4 f5 5. Nc3 Be7 6. O-O Bf6 7. d3 Ne7 8. Bd2
O-O 9. Rb1 a5 10. a3 Nbc6 11. e4 Rb8 12. Nb5 Ng6 13. exf5 exf5 14. d4 Nce7 15.
h4 Be4 16. Rc1 c6 17. Nd6 Bxf3 18. Bxf3 Bxd4 19. Bc3 Bxc3 20. Rxc3 Nc8 21. h5
Ne5 22. Re1 Qf6 23. Nxc8 Rbxc8 24. Bg2 f4 25. Qd2 d6 26. Re4 fxg3 27. fxg3 Rf7
28. Rd4 Rd8 29. b4 axb4 30. axb4 Ra7 31. Rf4 Qh6 32. Qd1 Rda8 33. Rc1 Ra3 34.
Kh2 Qg5 35. Qe1 Qxh5+ 36. Rh4 Nf3+ 37. Bxf3 Qxf3 38. Qe6+ Kh8 39. Qxd6 Ra2+ 40.
Kh3 Qf5+ 0-1

[Event "Gibraltar Masters 2020"]
[Site "Caleta ENG"]
[Date "2020.01.28"]
[Round "8.103"]
[White "Cholleti, Sahajasri"]
[Black "Obiamiwe, Paul"]
[Result "1-0"]
[WhiteTitle "WFM"]
[WhiteElo "2202"]
[BlackElo "1920"]
[WhiteFideId "5045118"]
[BlackFideId "8500215"]
[EventDate "2020.01.21"]

1. Nf3 Nf6 2. d4 d5 3. c4 e6 4. g3 Nbd7 5. Bg2 Be7 6. O-O O-O 7. Qc2 c6 8. Bf4
b6 9. Rc1 Bb7 10. cxd5 cxd5 11. Nc3 Rc8 12. Qd1 Ne8 13. Nd2 Ndf6 14. f3 Qd7 15.
Nf1 Nd6 16. Nd2 Nf5 17. Nb3 Rc4 18. Kh1 Nh5 19. Qd2 Nxf4 20. gxf4 Bf6 21. e3 Nh4
22. Rg1 Rfc8 23. Qf2 Nxg2 24. Rxg2 R4c7 25. Qe2 a6 26. Nc1 Qc6 27. Nd3 Qe8 28.
Ne5 Kh8 29. Rag1 g6 30. Qd1 Bg7 31. Qb3 f6 32. Nd3 Qc6 33. Na4 Qc4 34. Nxb6 Qxb3
35. axb3 Rb8 36. Na4 Bc8 37. Nac5 Kg8 38. Ra1 Rb6 39. Ra4 Kf7 40. Rg1 Ke7 41.
Rga1 Ra7 42. Ra5 Kd6 43. b4 Rc7 44. Nxa6 Re7 45. Nac5 e5 46. Ra8 Bf5 47. Rd8+
Kc6 48. e4 dxe4 49. fxe4 Kc7 50. Rda8 Bc8 51. fxe5 f5 52. exf5 gxf5 53. R1a7+
Bb7+ 54. Nxb7 Rxb7 55. Nc5 Rxa7 56. Rxa7+ Kd8 57. Rxe7 Kxe7 58. b5 Bh6 59. b6
Kd8 60. d5 Bf4 61. Ne6+ 1-0

[Event "Gibraltar Masters 2020"]
[Site "Caleta ENG"]
[Date "2020.01.28"]
[Round "8.104"]
[White "Semprun Martinez, Fernando"]
[Black "Enkhtuul, Altan-Ulzii"]
[Result "1/2-1/2"]
[BlackTitle "WGM"]
[WhiteElo "2099"]
[BlackElo "2200"]
[WhiteFideId "2203170"]
[BlackFideId "4901444"]
[EventDate "2020.01.21"]

1. d4 Nf6 2. c4 c5 3. d5 g6 4. Nc3 Bg7 5. e4 d6 6. Nf3 O-O 7. h3 b5 8. cxb5 a6
9. a4 Nbd7 10. Bd3 axb5 11. Bxb5 Ba6 12. Bxa6 Rxa6 13. O-O Qa8 14. Re1 Nb6 15.
Ra2 Nfd7 16. Bg5 Re8 17. Nb5 Qb8 18. b3 Nc8 19. Qd3 Rb6 20. Nd2 Ne5 21. Qc2 Na7
22. Na3 Rb4 23. Rb1 e6 24. Ndc4 exd5 25. exd5 f5 26. Bd2 Rb7 27. Bc3 f4 28. Nxe5
dxe5 29. f3 Rd8 30. Ba5 Rdd7 31. Qc4 Kh8 32. Re2 Qd6 33. Rd1 Rb8 34. Rdd2 h5 35.
Nb1 g5 36. Nc3 g4 37. Ne4 Qg6 38. hxg4 hxg4 39. fxg4 Nc8 40. Rd3 Nd6 41. Nxd6
Qxd6 42. Bc3 Kg8 43. Qe4 Re7 44. Be1 Reb7 45. Qc4 Rb4 46. Bxb4 Rxb4 47. Qc2 c4
48. Rh3 cxb3 49. Qh7+ Kf8 50. Qf5+ Kg8 51. Qh7+ Kf8 52. Qf5+ Kg8 1/2-1/2

[Event "Gibraltar Masters 2020"]
[Site "Caleta ENG"]
[Date "2020.01.28"]
[Round "8.105"]
[White "Winter, Kevin"]
[Black "Zhou, Guijue"]
[Result "0-1"]
[BlackTitle "WIM"]
[WhiteElo "1714"]
[BlackElo "2193"]
[WhiteFideId "421960"]
[BlackFideId "8602905"]
[EventDate "2020.01.21"]

1. d4 g6 2. Nc3 Bg7 3. Bf4 d6 4. e3 Nd7 5. h4 h6 6. Nf3 c6 7. Be2 d5 8. Ne5 Nxe5
9. Bxe5 Bxe5 10. dxe5 Qc7 11. f4 h5 12. Qd2 Be6 13. e4 dxe4 14. Nxe4 Bd5 15. Bf3
O-O-O 16. O-O-O Nh6 17. Qc3 Kb8 18. Nf2 Qb6 19. Nd3 Bxf3 20. gxf3 Qe3+ 21. Kb1
Nf5 22. e6 Qxe6 23. Ne5 f6 24. Nd3 Rd5 0-1

[Event "Gibraltar Masters 2020"]
[Site "Caleta ENG"]
[Date "2020.01.28"]
[Round "8.106"]
[White "Sousa, Ludy Helsio Paulo"]
[Black "Reeder, Andy"]
[Result "1-0"]
[WhiteTitle "CM"]
[WhiteElo "2247"]
[BlackElo "2064"]
[WhiteFideId "1504134"]
[BlackFideId "2016516"]
[EventDate "2020.01.21"]

1. e4 c5 2. Nf3 e6 3. d4 cxd4 4. Nxd4 Nc6 5. Nc3 Qc7 6. Be3 a6 7. Qd2 Nf6 8.
O-O-O Bb4 9. f3 Ne5 10. Nb3 b5 11. Kb1 Be7 12. Be2 Bb7 13. g4 b4 14. Na4 Nexg4
15. Bb6 Qc6 16. Na5 Qxa4 17. b3 Qxa5 18. Bxa5 Nf2 19. Bxb4 Bxb4 20. Qxb4 Bc6 21.
Bxa6 Nxh1 22. Rxh1 Nh5 23. Qd6 g6 24. Rd1 Rd8 25. Bc4 Ng7 26. a4 f5 27. Bb5 Bxb5
28. axb5 Kf7 29. Qc7 Ke7 30. b6 Ne8 31. Qe5 Nf6 32. Qd6+ Kf7 33. e5 Nd5 34. Rxd5 1-0

[Event "Gibraltar Masters 2020"]
[Site "Caleta ENG"]
[Date "2020.01.28"]
[Round "8.107"]
[White "Gagare, Shalmali"]
[Black "Piasetski, Leon"]
[Result "0-1"]
[WhiteTitle "WIM"]
[BlackTitle "IM"]
[WhiteElo "2099"]
[BlackElo "2219"]
[WhiteFideId "5038650"]
[BlackFideId "2600072"]
[EventDate "2020.01.21"]

1. e4 c5 2. Nf3 e6 3. g3 Nc6 4. Bg2 Nge7 5. O-O Ng6 6. d4 cxd4 7. Nxd4 Be7 8.
Nc3 O-O 9. Nb3 d6 10. Be3 Bd7 11. f4 a6 12. Na4 b5 13. Nb6 Rb8 14. Nxd7 Qxd7 15.
e5 d5 16. Nd4 Nxd4 17. Bxd4 Qc7 18. c3 Bc5 19. Rc1 Ne7 20. g4 Rfc8 21. Qd2 Bb6
22. Bxb6 Rxb6 23. Rce1 Qc5+ 24. Kh1 b4 25. Re3 bxc3 26. bxc3 Rcb8 27. Rh3 h6 28.
f5 Rb1 29. Rf3 Qc4 30. f6 Ng6 31. fxg7 Rxf1+ 32. Rxf1 Qxg4 33. Qxh6 Rb2 34. Rg1
Qf4 35. Qh5 Kxg7 36. Bf1 Kf8 37. Bg2 Qh4 38. Qf3 Nxe5 39. Qe3 Ng4 40. Qc5+ Kg8
41. h3 Qxh3+ 0-1

[Event "Gibraltar Masters 2020"]
[Site "Caleta ENG"]
[Date "2020.01.28"]
[Round "8.108"]
[White "Stolniceanu, Victor-Dumitru"]
[Black "Mohota, Nisha"]
[Result "0-1"]
[BlackTitle "IM"]
[WhiteElo "2074"]
[BlackElo "2201"]
[WhiteFideId "1221019"]
[BlackFideId "5004330"]
[EventDate "2020.01.21"]

1. e4 Nf6 2. Nc3 e5 3. Nf3 Nc6 4. Bb5 Bd6 5. Bxc6 dxc6 6. h3 O-O 7. O-O Nd7 8.
d4 Re8 9. Bg5 f6 10. dxe5 Nxe5 11. Be3 Qe7 12. Nd2 Be6 13. Qe2 b5 14. b3 Ng6 15.
f4 Nxf4 16. Rxf4 Be5 17. Ndb1 b4 18. Rf3 bxc3 19. Bf2 a5 20. a4 Qb4 21. Be1 Bd5
22. Bxc3 Qxe4 23. Qd1 Qg6 24. Rf2 Bg3 25. Re2 Rxe2 26. Qxe2 Re8 27. Qg4 Qxg4 28.
hxg4 Re2 29. Nd2 Rxg2+ 30. Kf1 Rf2+ 31. Kg1 Rh2 32. Kf1 Be5 33. Bxe5 fxe5 34.
Rd1 c5 35. c4 Bc6 36. Ke1 Kf7 37. Nf1 Rh3 38. Rd8 Rxb3 39. Rc8 Rb7 40. Ne3 Ra7
41. g5 Bxa4 42. Ng4 Bd7 43. Nxe5+ Ke6 44. Nxd7 Kxd7 45. Rg8 a4 46. Rxg7+ Ke8 47.
Rg8+ Kf7 48. Rd8 a3 49. Rd1 Kg6 50. Kd2 a2 51. Ra1 Kxg5 52. Kc3 h5 53. Kb2 Kh6
54. Kc2 h4 55. Kd3 Ra3+ 56. Ke2 h3 57. Kf2 Kg5 58. Kg1 Kf4 59. Kh2 Ke4 60. Re1+
Kd3 61. Rd1+ Kc2 62. Rf1 Ra8 63. Rf2+ Kb3 0-1

[Event "Gibraltar Masters 2020"]
[Site "Caleta ENG"]
[Date "2020.01.28"]
[Round "8.109"]
[White "Hamer, Martyn"]
[Black "Bottke, Hartmut"]
[Result "0-1"]
[WhiteElo "2069"]
[BlackElo "2185"]
[WhiteFideId "413160"]
[BlackFideId "4627873"]
[EventDate "2020.01.21"]

1. d4 Nf6 2. Nc3 d5 3. Bf4 e6 4. Nb5 Na6 5. e3 c6 6. Nc3 Qb6 7. Rb1 Be7 8. a3 c5
9. Nf3 O-O 10. Bd3 Bd7 11. O-O Rfd8 12. Ne5 Be8 13. g4 Rdc8 14. g5 Ne4 15. Qh5
cxd4 16. Nxe4 dxe4 17. Bxe4 f5 18. g6 Bxg6 19. Nxg6 hxg6 20. Qxg6 fxe4 21. Be5
Bf8 22. exd4 Rxc2 23. Rfe1 Qc6 24. h4 Qe8 25. Qxe4 Rac8 26. Qxb7 Qf7 27. Qg2 Nb8
28. Re3 Rc1+ 29. Rxc1 Rxc1+ 30. Kh2 Nc6 31. Rf3 Qd7 32. Bf4 Rd1 33. h5 Nxd4 34.
Re3 Qd5 0-1

[Event "Gibraltar Masters 2020"]
[Site "Caleta ENG"]
[Date "2020.01.28"]
[Round "8.110"]
[White "Hng, Mei-En Emmanuelle"]
[Black "Stewart, Ashley"]
[Result "0-1"]
[WhiteTitle "WFM"]
[WhiteElo "2055"]
[BlackElo "2152"]
[WhiteFideId "5804566"]
[BlackFideId "419001"]
[EventDate "2020.01.21"]

1. e4 c5 2. d4 cxd4 3. c3 dxc3 4. Nxc3 Nc6 5. Bc4 e6 6. Nf3 d6 7. O-O Be7 8. Qe2
Nf6 9. Rd1 e5 10. h3 O-O 11. Bg5 Be6 12. a3 Rc8 13. Bxe6 fxe6 14. Rac1 Nh5 15.
Be3 Nf4 16. Bxf4 Rxf4 17. Qe3 a6 18. Ne2 Rf6 19. b4 Qe8 20. Ng3 h6 21. Qb6 Rf7
22. b5 axb5 23. Qxb5 Bf8 24. a4 Rfc7 25. Qb2 Nb8 26. Rxc7 Rxc7 27. Rc1 Rxc1+ 28.
Qxc1 Na6 29. Qd1 Qc6 30. Nd2 Nc5 31. Qg4 Qxa4 32. Nh5 Kh7 33. Kh2 Qe8 34. Nc4
Qg6 35. Qf3 Be7 36. Ng3 b5 37. Na5 Bh4 38. Nh5 Nxe4 39. g3 Bf6 40. g4 d5 41. Nc6
Qe8 42. Nb4 Qe7 43. Nd3 b4 44. Qe3 Qb7 45. f3 Ng5 46. h4 d4 0-1

[Event "Gibraltar Masters 2020"]
[Site "Caleta ENG"]
[Date "2020.01.28"]
[Round "8.111"]
[White "Spence, David J"]
[Black "Burke, Mitchell R"]
[Result "1/2-1/2"]
[WhiteElo "2146"]
[BlackElo "2001"]
[WhiteFideId "407429"]
[BlackFideId "416231"]
[EventDate "2020.01.21"]

1. e4 d5 2. exd5 Qxd5 3. Nc3 Qd6 4. d4 Nf6 5. Nf3 c6 6. Ne5 Nbd7 7. Nc4 Qc7 8.
Qf3 Nb6 9. Bf4 Qd7 10. Nxb6 axb6 11. O-O-O e6 12. Kb1 Be7 13. Be2 O-O 14. Qg3
Nd5 15. Nxd5 Qxd5 16. c4 Qa5 17. a3 b5 18. Be5 f6 19. Bc7 Qa4 20. cxb5 cxb5 21.
Bd6 Bxd6 22. Qxd6 Ra6 23. Qe7 Rc6 24. Bd3 g6 25. Rhe1 Rf7 26. Qb4 Qxb4 27. axb4
Rb6 28. Rc1 Bd7 29. Rc7 Re7 30. d5 Kf7 31. dxe6+ Bxe6 32. Rec1 Ke8 33. Rxe7+
Kxe7 34. Rc7+ Bd7 35. Be4 Kd6 36. Rxb7 Rxb7 37. Bxb7 Bc6 38. Bxc6 Kxc6 39. Kc2
Kd5 40. Kd3 Ke5 41. Ke3 Kd5 42. b3 g5 43. f3 f5 44. g3 h5 45. f4 1/2-1/2

[Event "Gibraltar Masters 2020"]
[Site "Caleta ENG"]
[Date "2020.01.28"]
[Round "8.112"]
[White "Skou, Niels"]
[Black "Osuna Vega, Enrique"]
[Result "1/2-1/2"]
[BlackTitle "CM"]
[WhiteElo "2036"]
[BlackElo "2129"]
[WhiteFideId "1413155"]
[BlackFideId "2219549"]
[EventDate "2020.01.21"]

1. d4 c6 2. c4 b5 3. b3 Nf6 4. Nf3 e6 5. e3 Be7 6. Be2 O-O 7. O-O a6 8. Qc2 d6
9. Bb2 Bb7 10. Nc3 bxc4 11. bxc4 c5 12. dxc5 dxc5 13. Rab1 Qc7 14. Rfd1 Nc6 15.
a3 Rfd8 16. h3 Rxd1+ 17. Rxd1 Rd8 18. Rxd8+ Qxd8 19. Bd3 h6 20. Ne4 Nxe4 21.
Bxe4 Qb6 22. Ne5 Nxe5 23. Bxe5 Bc6 24. Bh7+ Kh8 25. Be4 Kg8 26. Bh7+ Kh8 27. Be4
Kg8 1/2-1/2